[Event "CZE-chT2c 0607"]
[Site "Czech Republic"]
[Date "2007.02.25"]
[Round "8.8"]
[White "Machlowski, Slawomir"]
[Black "Hajny, Miloslav"]
[Result "1-0"]
[WhiteElo "2122"]
[BlackElo "2092"]
[PlyCount "79"]
[EventDate "2006.10.15"]
[EventType "team-tourn"]
[EventRounds "11"]
[EventCountry "CZE"]
[SourceTitle "EXT 2008"]
[Source "ChessBase"]
[SourceDate "2007.11.25"]
[SourceVersion "1"]
[SourceVersionDate "2007.11.25"]
[SourceQuality "1"]
[WhiteTeam "Rychnov nad Kneznou"]
[BlackTeam "Mlada Boleslav"]
[WhiteTeamCountry "CZE"]
[BlackTeamCountry "CZE"]

1. g3 d5 2. Nf3 c5 3. Bg2 Nc6 4. d4 cxd4 5. Nxd4 e5 6. Nxc6 bxc6 7. 0-0 Bc5 8. c4 Ne7 9. Nc3 Be6 10. cxd5 cxd5 11. Qa4+ Bd7 12. Qa6 Bc6 13. Nxd5 Bxd5 14. Qb5+ Qd7 15. Qxc5 Rc8 16. Qa3 Bxg2 17. Kxg2 0-0 18. Be3 Qb7+ 19. Kg1 Rc2 20. Bc5 Re8 21. Rfd1 Nc6 22. b4 Rxe2 23. Qf3 Qa6 24. Rd7 Nd8 25. Rad1 e4 26. Qf4 Qc8 27. Rxa7 Nb7 28. Be3 Rc2 29. Rd4 Qc6 30. a4 Ra2 31. b5 Ra1+ 32. Kg2 Qc8 33. Rxe4 Rf8 34. Re7 Nd8 35. Qd4 Ra3 36. Qc5 Qxc5 37. Bxc5 Rc3 38. Re5 Ne6 39. Bxf8 Kxf8 40. Rd5 1-0

[Event "CZE-chT2c 0506"]
[Site "Czech Republic"]
[Date "2006.02.12"]
[Round "7.6"]
[White "Rosko, Lubos"]
[Black "Hajny, Miloslav"]
[Result "1-0"]
[WhiteElo "2151"]
[BlackElo "2135"]
[PlyCount "111"]
[EventDate "2005.10.16"]
[EventType "team-tourn"]
[EventRounds "11"]
[EventCountry "CZE"]
[SourceTitle "EXT 2009"]
[Source "ChessBase"]
[SourceDate "2008.11.26"]
[SourceVersion "1"]
[SourceVersionDate "2008.11.26"]
[SourceQuality "1"]
[WhiteTeam "Hradec Kralove II"]
[BlackTeam "Mlada Boleslav"]
[WhiteTeamCountry "CZE"]
[BlackTeamCountry "CZE"]

1. d4 d6 2. c4 Nf6 3. Nc3 g6 4. g3 Bg7 5. Bg2 0-0 6. Nf3 Nbd7 7. 0-0 c6 8. e4 Qc7 9. h3 e5 10. Be3 Re8 11. Qc2 exd4 12. Nxd4 Ne5 13. b3 a5 14. Rad1 h6 15. Nde2 Kh7 16. f4 Ned7 17. Qd2 Bf8 18. Bd4 Ng8 19. g4 f6 20. Bf3 Nc5 21. h4 Qe7 22. Kg2 Ne6 23. Bf2 Nc5 24. Qc2 Qf7 25. Rh1 Kg7 26. Ng3 Be7 27. Nce2 a4 28. b4 Na6 29. a3 Be6 30. Rc1 b5 31. cxb5 cxb5 32. f5 Bb3 33. fxg6 Qxg6 34. Qc6 Bc4 35. Nf5+ Kh8 36. Rxc4 bxc4 37. Qxc4 d5 38. exd5 Rec8 39. Qe4 Bf8 40. d6 Rab8 41. Nf4 Qf7 42. Qd3 Qc4 43. Ng6+ Kh7 44. Nxf8+ Kh8 45. Ng6+ Kh7 46. Qxc4 Rxc4 47. h5 Rc3 48. Be2 Ra8 49. Rd1 Nb8 50. Bb5 Nc6 51. Bxc6 Rxc6 52. d7 Rd8 53. b5 Rc7 54. b6 Rcxd7 55. Rxd7+ Rxd7 56. Nf8+ 1-0

[Event "CZE-chT2c 0506"]
[Site "Czech Republic"]
[Date "2005.10.16"]
[Round "1.7"]
[White "Urbanek, Stepan"]
[Black "Hajny, Miloslav"]
[Result "0-1"]
[WhiteElo "2098"]
[BlackElo "2135"]
[PlyCount "128"]
[EventDate "2005.10.16"]
[EventType "team-tourn"]
[EventRounds "11"]
[EventCountry "CZE"]
[SourceTitle "EXT 2009"]
[Source "ChessBase"]
[SourceDate "2008.11.26"]
[SourceVersion "1"]
[SourceVersionDate "2008.11.26"]
[SourceQuality "1"]
[WhiteTeam "Praha Pankrac II"]
[BlackTeam "Mlada Boleslav"]
[WhiteTeamCountry "CZE"]
[BlackTeamCountry "CZE"]

1. d4 d6 2. c4 Nf6 3. Nc3 g6 4. e4 Bg7 5. Be2 c5 6. d5 a6 7. Nf3 Bg4 8. 0-0 Bxf3 9. Bxf3 Nbd7 10. Be2 0-0 11. Bg5 Rb8 12. a4 b6 13. h4 h6 14. Be3 Qc7 15. f4 h5 16. Bf3 Kh7 17. Qc2 Bh6 18. Rae1 Ng4 19. Bxg4 hxg4 20. Qd1 f5 21. exf5 gxf5 22. g3 Rf7 23. Qd3 Bg7 24. Bd2 Nf8 25. Re2 Qd7 26. Rfe1 Bd4+ 27. Kg2 Rb7 28. b3 Kg7 29. Nd1 b5 30. axb5 axb5 31. Bc3 Bxc3 32. Nxc3 bxc4 33. bxc4 Rb3 34. Qc2 Qb7 35. Rb1 Rxb1 36. Qxb1 Qxb1 37. Nxb1 Nd7 38. Nc3 Nb6 39. Nb5 Nxc4 40. Nc7 Nb6 41. Ne6+ Kf6 42. Ng5 Nxd5 43. Nxf7 Kxf7 44. Ra2 Nf6 45. Ra7 d5 46. Rc7 c4 47. Kf2 Ne4+ 48. Ke3 Kf6 49. Rd7 Ke6 50. Ra7 Nxg3 51. Ra6+ Kf7 52. Kd4 Ne2+ 53. Ke3 Nc3 54. Kd4 Nb5+ 55. Ke5 c3 56. Ra1 d4 57. Kxf5 d3 58. Ke4 d2 59. Kd3 Kg6 60. Kc2 g3 61. Rg1 Nd4+ 62. Kd3 Kh5 63. Ra1 g2 64. Kxc3 Nf3 0-1

[Event "CZE-chT2c 0405"]
[Site "Czech Republic"]
[Date "2004.12.19"]
[Round "5.7"]
[White "Vesely, Tomas"]
[Black "Hajny, Miloslav"]
[Result "1-0"]
[WhiteElo "2109"]
[BlackElo "2134"]
[PlyCount "81"]
[EventDate "2004.10.17"]
[EventType "team-tourn"]
[EventRounds "11"]
[EventCountry "CZE"]
[SourceTitle "EXT 2007"]
[Source "ChessBase"]
[SourceDate "2006.11.23"]
[SourceVersion "1"]
[SourceVersionDate "2006.11.23"]
[SourceQuality "1"]
[WhiteTeam "AVE Kontakt"]
[BlackTeam "Mlada Boleslav"]
[WhiteTeamCountry "CZE"]
[BlackTeamCountry "CZE"]

1. e4 d6 2. Nc3 Nf6 3. d4 g6 4. Bg5 Bg7 5. e5 Nfd7 6. Nd5 f6 7. exf6 Nxf6 8. Nxf6+ exf6 9. Be3 0-0 10. Qd2 Nc6 11. d5 Ne5 12. h3 Re8 13. 0-0-0 a5 14. f4 Nf7 15. Bd3 Bd7 16. Nf3 b5 17. Nd4 b4 18. Kb1 Qc8 19. f5 Ne5 20. g4 c5 21. dxc6 Bxc6 22. Nxc6 Qxc6 23. Bf4 d5 24. fxg6 hxg6 25. h4 Nc4 26. Qc1 g5 27. hxg5 Nxb2 28. Bh7+ Kf8 29. gxf6 Bxf6 30. Bh6+ Ke7 31. Rde1+ Kd8 32. Bg5 Na4 33. Rxe8+ Kxe8 34. Bg6+ Kd7 35. Rh7+ Kd8 36. Qf4 Nc3+ 37. Ka1 Ne4+ 38. Bxf6+ Nxf6 39. Rh8+ Kd7 40. Rxa8 Qc3+ 41. Kb1 1-0

[Event "CZE-chT2c 0405"]
[Site "Czech Republic"]
[Date "2004.12.05"]
[Round "4.8"]
[White "Janda, Jiri"]
[Black "Hajny, Miloslav"]
[Result "0-1"]
[WhiteElo "2145"]
[BlackElo "2134"]
[PlyCount "84"]
[EventDate "2004.10.17"]
[EventType "team-tourn"]
[EventRounds "11"]
[EventCountry "CZE"]
[SourceTitle "EXT 2007"]
[Source "ChessBase"]
[SourceDate "2006.11.23"]
[SourceVersion "1"]
[SourceVersionDate "2006.11.23"]
[SourceQuality "1"]
[WhiteTeam "Kobylisy"]
[BlackTeam "Mlada Boleslav"]
[WhiteTeamCountry "CZE"]
[BlackTeamCountry "CZE"]

1. e4 d6 2. d4 Nf6 3. Nc3 g6 4. f4 Bg7 5. Nf3 c5 6. Bb5+ Bd7 7. e5 Ng4 8. e6 Bxb5 9. exf7+ Kd7 10. Nxb5 Qa5+ 11. Nc3 cxd4 12. Nxd4 Bxd4 13. Qxd4 Nc6 14. Qc4 Qf5 15. 0-0 Rhf8 16. h3 Nh6 17. Be3 Qxf7 18. Qb5 b6 19. g4 Ng8 20. Rae1 h5 21. Kg2 Nf6 22. g5 Ne8 23. Nd5 Nc7 24. Nxc7 Kxc7 25. a3 Qf5 26. Qxf5 Rxf5 27. Bd2 Kd7 28. Rf2 Raf8 29. Rfe2 e5 30. fxe5 dxe5 31. Be3 Ke6 32. c4 Rd8 33. Rd2 Rxd2+ 34. Bxd2 Nd4 35. Rd1 Nf3 36. Be3 Nxg5 37. b4 Nxh3 38. c5 bxc5 39. bxc5 Nf4+ 40. Bxf4 Rxf4 41. Rd6+ Kf5 42. c6 Rc4 0-1

[Event "CZE-chT2c 0405"]
[Site "Czech Republic"]
[Date "2004.11.07"]
[Round "2.6"]
[White "Fiedler, Bedrich"]
[Black "Hajny, Miloslav"]
[Result "0-1"]
[WhiteElo "2209"]
[BlackElo "2134"]
[PlyCount "76"]
[EventDate "2004.10.17"]
[EventType "team-tourn"]
[EventRounds "11"]
[EventCountry "CZE"]
[SourceTitle "EXT 2007"]
[Source "ChessBase"]
[SourceDate "2006.11.23"]
[SourceVersion "1"]
[SourceVersionDate "2006.11.23"]
[SourceQuality "1"]
[WhiteTeam "Polabiny"]
[BlackTeam "Mlada Boleslav"]
[WhiteTeamCountry "CZE"]
[BlackTeamCountry "CZE"]

1. d4 d6 2. Nf3 Nf6 3. c4 g6 4. Nc3 Bg7 5. e4 0-0 6. Be2 Nbd7 7. 0-0 e5 8. Re1 Re8 9. Bf1 exd4 10. Nxd4 Nc5 11. f3 h6 12. Be3 Bd7 13. Qd2 Kh7 14. Rad1 a5 15. b3 Ne6 16. Kh1 Nc5 17. Nde2 Ne6 18. a3 Bc6 19. Qc2 Nd7 20. f4 Nec5 21. Ng3 Qh4 22. Nd5 Rac8 23. b4 Ba4 24. Qb1 axb4 25. axb4 Bxd1 26. bxc5 Ba4 27. cxd6 cxd6 28. Qb4 Bc6 29. Bd3 Bxd5 30. cxd5 Bc3 31. Qxd6 Bxe1 32. Qxd7 Qe7 33. Qxe7 Rxe7 34. d6 Rd7 35. e5 Rc3 36. Ne4 Rxd3 37. Nf6+ Kg7 38. Nxd7 Rxe3 0-1